000 00903pam a2200301 i 4500
001 2280983
003 Ke-BoTe
005 20220428161332.0
008 790523s1980 nyua 001 0 eng
010 _a 79015681
020 _a0023046007
040 _aDLC
_cDLC
_dDLC
050 0 0 _aRT41
_b.A82
060 _aWY100.3A876m
082 0 0 _a610.73
100 1 _aAtkinson, Leslie D.
_93986
245 1 0 _aUnderstanding the nursing process /
_cLeslie D. Atkinson, Mary Ellen Murray ; illustrated by Mark Atkinson.
260 _aNew York :
_bMacmillan,
_cc1980.
300 _ax, 96 p. :
_bill. ;
_c24 cm.
500 _aIncludes index.
504 _aBibliography: p. 61.
650 0 _aNursing.
_91880
650 2 _aNursing.
_91880
650 2 _aNursing care.
_92680
700 1 _aMurray, Mary Ellen,
_ejoint author.
_93987
906 _a7
_bcbc
_corignew
_d1
_eocip
_f19
_gy-gencatlg
942 _2lcc
_cBK
_n0
999 _c1990
_d1990